Institutes

Guardat en:
Dades bibliogràfiques
Autor principal: Gaius (Autor)
Format: Llibre
Idioma:francès
llatí
Publicat: París Les Belles Letres 1950
Matèries:
Etiquetes: Afegir etiqueta
Sense etiquetes, Sigues el primer a etiquetar aquest registre!

MARC

LEADER 00000nam a2200000 a 4500
001 UCS2815
003 CL-VaPUC
008 970606e19500000FR |||||||||||||||||fre|d
041 0 7 |a fre  |2 CL-VaPUC 
041 0 7 |a lat  |2 CL-VaPUC 
082 0 4 |a 340.54  |b GAI  |2 21 
100 |a Gaius  |e author  |9 398935 
245 1 0 |a Institutes 
300 |a 194 p 
942 |c BK 
945 |d 19970606 00:00:00  |a lriquelm 
260 |a París  |b Les Belles Letres  |c 1950 
650 0 |a Derecho romano  |9 255930 
650 0 |a Fuentes del derecho   |9 255162 
650 0 |a Códigos  |9 352314 
650 0 |a Personas  |9 255751 
650 0 |a Obligaciones   |9 255578 
650 0 |a Bienes  |9 255749 
583 |a last modification  |c 19970606 00:00:00  |k Rodrigo Vera 
999 |c 260746  |d 260744 
952 |0 0  |1 0  |4 0  |6 340_540000000000000_GAI_1950  |7 0  |8 DER_ROM  |9 287074  |a BIBDER  |b BIBDER  |d 2019-11-19  |i 1859277  |o 340.54 GAI 1950  |p 1859277  |r 2023-01-25  |w 2019-11-19  |x Ubicación 4to piso  |y BK_X  |z Este recurso debe solicitarse con anticipación  |k DER 
952 |0 0  |1 0  |4 0  |6 340_540000000000000_GAI_1950  |7 0  |8 DER_ROM  |9 287075  |a BIBDER  |b BIBDER  |d 2019-11-19  |i 1894498  |o 340.54 GAI 1950  |p 1894498  |r 2023-01-25  |w 2019-11-19  |x Ubicación 4to piso  |y BK_X  |z Este recurso debe solicitarse con anticipación  |k DER 
952 |0 0  |1 0  |4 0  |6 340_540000000000000_GAI_1950  |7 0  |8 X  |9 287076  |a BIBART  |b BIBART  |d 2019-11-19  |i 1205897  |o 340.54 GAI 1950  |p 1205897  |r 2025-03-13  |w 2019-11-19  |y BK_X  |k ART